| 000 | 00402nam a2200145Ia 4500 | ||
|---|---|---|---|
| 008 | 231129s2002||||xx |||||||||||||| ||spa|| | ||
| 020 | _a958-9067-64-6 | ||
| 040 | _bspa | ||
| 082 | _aR 912.861 i59a | ||
| 100 | _aInstituto Geográfico Agustín Codazzi | ||
| 245 | 0 | _aAtlas de Colombia | |
| 260 | _c2002 | ||
| 264 | _aIGAC ; Imprenta Nacional | ||
| 942 |
_2ddc _cBKS |
||
| 999 |
_c5796 _d5796 |
||